[Event "Balatonalmadi Pannonia Cup 18th"]
[Site "Balatonalmadi"]
[Date "2013.07.27"]
[Round "5"]
[White "Paal, Gyorgy"]
[Black "Launert, Martin"]
[Result "1-0"]
[WhiteElo "1771"]
[BlackElo "1882"]
[PlyCount "115"]
[EventDate "2013.07.24"]
[EventType "swiss"]
[EventRounds "7"]
[EventCountry "HUN"]
[SourceTitle "EXT 2016"]
[Source "ChessBase"]
[SourceDate "2015.10.08"]
[SourceVersion "1"]
[SourceVersionDate "2015.10.08"]
[SourceQuality "1"]

1. g3 Nf6 2. Bg2 e5 3. d3 Be7 4. Nf3 d6 5. c4 Nbd7 6. 0-0 0-0 7. b4 c6 8. a4 Re8 9. Qb3 Nf8 10. a5 a6 11. Be3 Be6 12. Nc3 h6 13. h3 Ng6 14. Kh2 d5 15. Bb6 Qb8 16. Na4 Bd6 17. Rfb1 e4 18. Nd4 h5 19. Nxe6 Rxe6 20. Nc5 Re8 21. dxe4 dxe4 22. Qe3 h4 23. Ra3 hxg3+ 24. fxg3 Nh5 25. Qg5 Nhf4 26. Re3 Nxg2 27. Kxg2 Bxc5 28. Bxc5 Qc8 29. Rd1 Re5 30. Qg4 Qxg4 31. hxg4 Nf8 32. Rd4 Rae8 33. Bd6 R5e6 34. Kh3 Ng6 35. g5 Rd8 36. Bc5 Rxd4 37. Bxd4 Ne7 38. Kg4 Nc8 39. Bc5 Kh7 40. Kf5 g6+ 41. Kf4 f5 42. gxf6 Rxf6+ 43. Kxe4 Nd6+ 44. Ke5 Ne8 45. Rf3 Kg7 46. Rxf6 Nxf6 47. Bd4 Kf7 48. Kd6 Ne4+ 49. Kc7 Nxg3 50. e3 Ke6 51. Kxb7 Nf5 52. Bc5 Nd6+ 53. Kxa6 Nxc4 54. Kb7 g5 55. a6 g4 56. a7 Nd6+ 57. Bxd6 Kxd6 58. a8Q 1-0

[Event "Balatonalmadi Pannonia Cup 18th"]
[Site "Balatonalmadi"]
[Date "2013.07.25"]
[Round "3"]
[White "Banszegi, Attila"]
[Black "Paal, Gyorgy"]
[Result "1-0"]
[WhiteElo "2041"]
[BlackElo "1771"]
[PlyCount "53"]
[EventDate "2013.07.24"]
[EventType "swiss"]
[EventRounds "7"]
[EventCountry "HUN"]
[SourceTitle "EXT 2016"]
[Source "ChessBase"]
[SourceDate "2015.10.08"]
[SourceVersion "1"]
[SourceVersionDate "2015.10.08"]
[SourceQuality "1"]

1. e4 Nc6 2. d4 d5 3. e5 Bf5 4. c3 e6 5. Bd3 Nge7 6. Ne2 f6 7. exf6 gxf6 8. Ng3 Bxd3 9. Qxd3 Ng6 10. 0-0 Qd7 11. b4 0-0-0 12. a4 e5 13. a5 e4 14. Qc2 f5 15. b5 Nb8 16. b6 cxb6 17. axb6 axb6 18. c4 Nc6 19. cxd5 Qxd5 20. Ne2 Kb8 21. Qb2 Nxd4 22. Nbc3 Nxe2+ 23. Nxe2 Bc5 24. Nf4 Nxf4 25. Bxf4+ Bd6 26. Rfd1 Qc5 27. Rxd6 1-0

[Event "Balatonalmadi Pannonia Cup 18th"]
[Site "Balatonalmadi"]
[Date "2013.07.25"]
[Round "2"]
[White "Paal, Gyorgy"]
[Black "Resika, Nathan A"]
[Result "0-1"]
[WhiteElo "1771"]
[BlackElo "2186"]
[PlyCount "67"]
[EventDate "2013.07.24"]
[EventType "swiss"]
[EventRounds "7"]
[EventCountry "HUN"]
[SourceTitle "EXT 2016"]
[Source "ChessBase"]
[SourceDate "2015.10.08"]
[SourceVersion "1"]
[SourceVersionDate "2015.10.08"]
[SourceQuality "1"]

1. g3 Nf6 2. Bg2 g6 3. d3 Bg7 4. c4 0-0 5. e4 d6 6. Nc3 c5 7. f4 Nc6 8. Nf3 Bg4 9. 0-0 Rb8 10. h3 Bxf3 11. Bxf3 Nd4 12. Ne2 Nxf3+ 13. Rxf3 b5 14. Nc3 bxc4 15. dxc4 Rb4 16. Qe2 Qd7 17. Kh2 Qe6 18. e5 dxe5 19. b3 exf4 20. Qxe6 fxg3+ 21. Rxg3 fxe6 22. Re3 Ne4 23. Rxe4 Bxc3 24. Rb1 Rf2+ 25. Kg3 Rxa2 26. Rxe6 Kf7 27. Rc6 Ra1 28. Rxa1 Bxa1 29. Rxc5 Rxb3+ 30. Kg4 h5+ 31. Kf4 Rxh3 32. Be3 Rh4+ 33. Kg3 Rg4+ 34. Kf3 0-1

[Event "Balatonalmadi Pannonia Cup 18th"]
[Site "Balatonalmadi"]
[Date "2013.07.24"]
[Round "1"]
[White "Paal, Gyorgy"]
[Black "Csire, Bence"]
[Result "1-0"]
[WhiteElo "1771"]
[BlackElo "2068"]
[PlyCount "71"]
[EventDate "2013.07.24"]
[EventType "swiss"]
[EventRounds "7"]
[EventCountry "HUN"]
[SourceTitle "EXT 2016"]
[Source "ChessBase"]
[SourceDate "2015.10.08"]
[SourceVersion "1"]
[SourceVersionDate "2015.10.08"]
[SourceQuality "1"]

1. g3 d5 2. Bg2 Nf6 3. c4 e6 4. Nc3 Be7 5. d3 0-0 6. Nf3 Nbd7 7. e4 Nb6 8. e5 Nfd7 9. cxd5 Nxd5 10. Nxd5 exd5 11. 0-0 f6 12. d4 c6 13. a3 Re8 14. b4 Qb6 15. Rb1 a6 16. Re1 Qc7 17. Bb2 b6 18. Nh4 fxe5 19. dxe5 Bxh4 20. gxh4 Nxe5 21. Qh5 Bg4 22. Bxe5 Bxh5 23. Bxc7 b5 24. Re5 Rxe5 25. Bxe5 a5 26. Rc1 Be8 27. Rc3 axb4 28. axb4 Ra4 29. Bd6 Ra1+ 30. Bf1 Kf7 31. Re3 Ra7 32. Bh3 g6 33. Rf3+ Kg7 34. Bf8+ Kh8 35. Be6 Ra8 36. Bh6 1-0

[Event "Budapest-chT1 Lilienthal 1112"]
[Site "Budapest"]
[Date "2011.12.11"]
[Round "5"]
[White "Paal, Gyorgy"]
[Black "Zoltan, Andras"]
[Result "0-1"]
[WhiteElo "1789"]
[BlackElo "1952"]
[PlyCount "54"]
[EventDate "2011.10.02"]
[EventType "team-tourn"]
[EventRounds "11"]
[EventCountry "HUN"]
[SourceTitle "EXT 2020"]
[Source "ChessBase"]
[SourceDate "2019.10.17"]
[SourceVersion "1"]
[SourceVersionDate "2019.10.17"]
[SourceQuality "1"]
[WhiteTeam "Budapest HUSI II"]
[BlackTeam "Budapest Honved III"]
[WhiteTeamCountry "HUN"]
[BlackTeamCountry "HUN"]

1. e4 e5 2. Nf3 Nc6 3. Bc4 Nf6 4. d3 Bc5 5. 0-0 d6 6. h3 Be6 7. Bb3 h6 8. Nc3 Bxb3 9. axb3 a6 10. Ne2 0-0 11. Ng3 d5 12. Qe2 dxe4 13. Nxe4 Nxe4 14. Qxe4 Qd6 15. Be3 Bxe3 16. fxe3 Rad8 17. Rf2 Qd5 18. Qg4 f5 19. Qg3 e4 20. dxe4 fxe4 21. Rd2 Rxf3 22. Rxd5 Rxg3 23. Rxd8+ Nxd8 24. Rd1 Ne6 25. Rd5 Rg5 26. Rd7 Kf8 27. Rd2 Ke7 0-1

[Event "Budapest-chT1 Lilienthal 1011"]
[Site "Budapest"]
[Date "2010.11.14"]
[Round "4"]
[White "Paal, Gyorgy"]
[Black "Bihari, Mihaly"]
[Result "0-1"]
[WhiteElo "1816"]
[BlackElo "2030"]
[PlyCount "54"]
[EventDate "2010.09.19"]
[EventType "team-tourn"]
[EventRounds "11"]
[EventCountry "HUN"]
[SourceTitle "EXT 2020"]
[Source "ChessBase"]
[SourceDate "2019.10.17"]
[SourceVersion "1"]
[SourceVersionDate "2019.10.17"]
[SourceQuality "1"]
[WhiteTeam "Budapest HUSI II"]
[BlackTeam "Fabulon"]
[WhiteTeamCountry "HUN"]
[BlackTeamCountry "HUN"]

1. e4 c5 2. c3 d5 3. e5 Qa5 4. Qb3 c4 5. Qc2 Nc6 6. f4 Nh6 7. d4 Bf5 8. Qd1 Bxb1 9. Rxb1 Qxa2 10. Bd2 Qa5 11. g4 e6 12. f5 Qd8 13. Bxh6 Qh4+ 14. Kd2 Qxh6+ 15. Kc2 Qe3 16. Qe2 Qxe2+ 17. Nxe2 b5 18. Nf4 Kd7 19. Bh3 g5 20. fxg6 hxg6 21. g5 b4 22. Bg4 b3+ 23. Kd2 Kc7 24. h4 Be7 25. Ng2 Rh7 26. Rbf1 Rah8 27. Rf4 Bxg5 0-1

[Event "Budapest-chT1 Lilienthal 1011"]
[Site "Budapest"]
[Date "2010.10.03"]
[Round "2"]
[White "Paal, Gyorgy"]
[Black "Veres, Istvan"]
[Result "0-1"]
[WhiteElo "1816"]
[BlackElo "2078"]
[PlyCount "70"]
[EventDate "2010.09.19"]
[EventType "team-tourn"]
[EventRounds "11"]
[EventCountry "HUN"]
[SourceTitle "EXT 2020"]
[Source "ChessBase"]
[SourceDate "2019.10.17"]
[SourceVersion "1"]
[SourceVersionDate "2019.10.17"]
[SourceQuality "1"]
[WhiteTeam "Budapest HUSI II"]
[BlackTeam "Budapest Ujpest KSE"]
[WhiteTeamCountry "HUN"]
[BlackTeamCountry "HUN"]

1. e4 c5 2. c3 Nf6 3. e5 Nd5 4. d4 cxd4 5. cxd4 e6 6. Nf3 Nc6 7. Nc3 Nxc3 8. bxc3 d5 9. Bd3 Bd7 10. 0-0 Be7 11. Bc2 Rc8 12. Qd3 Qc7 13. a3 Na5 14. Ne1 b6 15. Qg3 g6 16. Ra2 Qc4 17. Bb1 Qb3 18. Rb2 Qxc3 19. Nd3 Nc4 20. Rc2 Qb3 21. Bh6 Nxa3 22. Rb2 Qa4 23. Qh3 Rg8 24. Be3 h5 25. g4 Nxb1 26. Rfxb1 Rc3 27. Nf4 Bg5 28. Ng2 Bxe3 29. fxe3 Rc2 30. Rxc2 Qxc2 31. Rf1 Bb5 32. Rf4 Qd1+ 33. Kf2 g5 34. Rf3 h4 35. Rf6 Qf1# 0-1

[Event "Nuremberg Zabo op 03rd"]
[Site "Nuremberg"]
[Date "2001.09.22"]
[Round "3"]
[White "Paal, Gyorgy"]
[Black "Suess, Stefan"]
[Result "1-0"]
[WhiteElo "1704"]
[BlackElo "1317"]
[PlyCount "47"]
[EventDate "2001.09.21"]
[EventType "swiss"]
[EventRounds "5"]
[EventCountry "GER"]
[SourceTitle "EXT 2003"]
[Source "ChessBase"]
[SourceDate "2002.11.25"]
[SourceVersion "1"]
[SourceVersionDate "2002.11.25"]
[SourceQuality "1"]

1. e4 e5 2. Nf3 Nc6 3. Bc4 Bc5 4. d4 exd4 5. Ng5 Ne5 6. Nxf7 Nxf7 7. Bxf7+ Kf8 8. 0-0 Qe7 9. Bc4 d6 10. Nd2 Be6 11. Bd3 Nf6 12. b3 Bg4 13. f3 Bh5 14. Bb2 d5 15. Qe1 Re8 16. Kh1 Kf7 17. Qh4 Bg6 18. Rae1 Qd7 19. e5 Bb4 20. exf6 Bxd2 21. fxg7 Kxg7 22. Bxd4+ Kg8 23. Rxe8+ Qxe8 24. Qf6 1-0

[Event "Nuremberg Zabo op 03rd"]
[Site "Nuremberg"]
[Date "2001.09.21"]
[Round "1"]
[White "Paal, Gyorgy"]
[Black "Hirn, Oskar"]
[Result "1/2-1/2"]
[WhiteElo "1704"]
[BlackElo "2261"]
[PlyCount "137"]
[EventDate "2001.09.21"]
[EventType "swiss"]
[EventRounds "5"]
[EventCountry "GER"]
[SourceTitle "EXT 2003"]
[Source "ChessBase"]
[SourceDate "2002.11.25"]
[SourceVersion "1"]
[SourceVersionDate "2002.11.25"]
[SourceQuality "1"]

1. e4 e5 2. Nf3 d6 3. d4 Nd7 4. Bc4 c6 5. 0-0 Be7 6. a4 Ngf6 7. Nbd2 0-0 8. b3 d5 9. Bd3 dxe4 10. Nxe4 Nxe4 11. Bxe4 Nf6 12. Re1 Bg4 13. Bb2 exd4 14. Bxd4 Re8 15. h3 Bh5 16. Qd3 Nxe4 17. Qxe4 Bg6 18. Qe5 Bf8 19. Qxe8 Qxe8 20. Rxe8 Rxe8 21. c3 c5 22. Be3 Bc2 23. Nd2 h6 24. a5 Re6 25. Ra2 Bd3 26. b4 cxb4 27. cxb4 Bxb4 28. Bxa7 Re2 29. Be3 g5 30. Rb2 Bxa5 31. Rb3 Bxd2 32. Rxd3 Bxe3 33. fxe3 Rb2 34. Kh2 b5 35. Kg3 Kg7 36. Rd6 b4 37. Rb6 b3 38. Kf3 Rb1 39. Kg3 h5 40. e4 Kf8 41. h4 g4 42. Kf4 Rb2 43. Kg5 Rxg2 44. Rxb3 Re2 45. Kxh5 Rxe4 46. Kg5 Kg7 47. Rg3 Ra4 48. Rxg4 Ra5+ 49. Kf4+ Kf6 50. Rg5 Ra4+ 51. Kg3 Ra1 52. Kg4 Ke6 53. Rb5 Rg1+ 54. Kf4 Kf6 55. Rg5 Rb1 56. Kg4 Rb4+ 57. Kg3 Ke6 58. Ra5 f5 59. h5 Kf6 60. h6 Kg5 61. h7 Rg4+ 62. Kf3 Rh4 63. Ra7 Rh3+ 64. Kg2 Rh4 65. Kf3 Kg6 66. Ra6+ Kxh7 67. Rf6 f4 68. Rxf4 Rxf4+ 69. Kxf4 1/2-1/2